| 000 | 01354 a2200337 4500 | ||
|---|---|---|---|
| 003 | Nust | ||
| 005 | 20170207154047.0 | ||
| 010 | _a 2010285551 | ||
| 020 | _a0470161272 | ||
| 020 | _a9780470161272 | ||
| 035 | _a(OCoLC)ocn320585664 | ||
| 040 | _cNust | ||
| 082 | 0 | 4 | _a332.024 |
| 100 | 1 | _aTrahair, David. | |
| 245 | 1 | 0 |
_aEnough bull :how to retire well without the stock market, mutual funds or even an investment advisor -(E-BOOK) _cDavid Trahair. |
| 260 |
_aMississauga, Ont. : _bJ. Wiley & Sons Canada, _cc2009. |
||
| 300 |
_axi, 196 p. : _bill. ; _c23 cm. |
||
| 505 | _aPART ONE: THE ANTIDOTE (Page-9) PART TWO: THE DETAILS (Page-127) | ||
| 650 | 0 |
_aFinance, Personal _zCanada. |
|
| 650 | 0 | _aFinance, Personal. | |
| 650 | 0 |
_aFinances personnelles _zCanada. |
|
| 650 | 0 | _aFinances personnelles. | |
| 650 | 0 |
_aRetirement income _xPlanning. |
|
| 650 | 0 |
_aRetirement income _zCanada _xPlanning. |
|
| 650 | 0 |
_aRevenu de retraite _xPlanification. |
|
| 650 | 0 |
_aRevenu de retraite _zCanada _xPlanification. |
|
| 651 | _aE-BOOK | ||
| 856 | 4 | 2 |
_3Contributor biographical information _uhttp://www.loc.gov/catdir/enhancements/fy1007/2010285551-b.html |
| 856 | 4 | 2 |
_3Publisher description _uhttp://www.loc.gov/catdir/enhancements/fy1007/2010285551-d.html |
| 856 | 4 | 2 |
_3Table of contents only _uhttp://www.loc.gov/catdir/enhancements/fy1007/2010285551-t.html |
| 942 |
_2ddc _cBK |
||
| 999 |
_c192919 _d192919 |
||